Návrh a výroba drviča na ovocie

Gespeichert in:
Bibliographische Detailangaben
1. Verfasser: Durec, Matúš (Verfasst von)
Weitere Verfasser: Jurina, František (Betreuung Doktorarbeit)
Format: Manuskript Buch
Sprache:Slowakisch
Veröffentlicht: 2024
Schlagworte:
Online-Zugang:http://is.stuba.sk/zp/portal_zp.pl?podrobnosti=169281
Tags: Tag hinzufügen
Keine Tags, Fügen Sie das erste Tag hinzu!

MARC

LEADER 00000ntm a22000003a 4500
001 stuzp99100
003 SK-STU
005 20240629212618.7
007 ta
008 150427s2015----xo-----f-mn---000-0-slo-d
040 |a STU  |b slo 
041 0 |a slo 
100 1 |a Durec, Matúš  |u 063000  |4 aut  |U MTF Materiálovotechnologická fakulta  |T MTF Ústav výrobných technológií  |X 116498  |U M3000  |Y 83  |7 116498 
242 0 1 |a Design and manufacture of a fruit crusher  |y eng 
245 1 0 |a Návrh a výroba drviča na ovocie 
260 |c 2024 
650 4 |a montáž  |2 slo 
650 4 |a návrh  |2 slo 
650 4 |a Drvič ovocia  |2 slo 
650 4 |a Design and manufacture of a fruit crusher  |2 eng 
650 4 |a assembly  |2 eng 
650 4 |a design  |2 eng 
700 1 |a Jurina, František  |u 063200  |k Z2  |4 ths  |U MTF Ústav výrobných technológií  |T MTF Katedra obrábania a počítačovej podpory technológií  |X 46002  |U M3200  |Y 164  |7 A000046002 
856 4 |u http://is.stuba.sk/zp/portal_zp.pl?podrobnosti=169281 
996 |c M* BP-9733  |l MMSKP  |s P  |a 0  |w stuzp99100_0001